• 首页
  • 本馆介绍
  • 公告通知
  • 最新文献
  • 馆藏检索
  • 电子资源
  • 读者导购
  • 参考咨询
  • 我的图书馆
  • 登录
  • 详细信息显示
  • 放入我的书架
  • 预约/预借图书
  • 作者相关作品
  • 分类相关作品
  • 丛书相关作品
  • 出版社相关作品

书目信息

  • 表格格式
  • 工作单格式
  • 卡片格式
题名:
国际贸易单证实务学习指导书
    
 
作者: 吴国新 , 李元旭 编著
分册:  
出版信息: 北京   清华大学出版社  2009
页数: 362页
开本: 26cm
丛书名:
单 册:
中图分类: F740.4
科图分类:
主题词: 国际贸易--原始凭证--贸易实务--高等学校--教学参考资料 , 国际贸易 , 原始凭证
电子资源:
ISBN: 978-7-302-21049-8
000 01090nam0 2200289 45
001 1034501144
005 20100319083124.04
010    @a978-7-302-21049-8@dCNY32.00
100    @a20100310d2009 em y0chiy50 ea
101 0  @achi
102    @aCN@b110000
105    @ay z 000yy
106    @ar
200 1  @a国际贸易单证实务学习指导书@AGuo Ji Mao Yi Dan Zheng Shi Wu Xue Xi Zhi Dao Shu@dGuidance to documents practice in international trade@f吴国新,李元旭编著@FWu Guo Xin, Li Yuan Xu Bian Zhu@zeng
205    @a2版
210    @a北京@c清华大学出版社@d2009
215    @a362页@d26cm
330    @a本书主要包括三大部分。第一部分:知识点归纳及同步训练。第二部分:综合练习,提供了十套综合训练题。第三部分:答案与解析。
510 1  @aGuidance to documents practice in international trade@zeng
606 0  @a国际贸易@x原始凭证@x贸易实务@x高等学校@j教学参考资料
606 0  @a国际贸易
606 0  @a原始凭证
690    @aF740.4@v4
701  0 @a吴国新@AWu Guo Xin@4编著
701  0 @a李元旭@ALi Yuan Xu@4编著
801  0 @aCN@bTANGWEI@c20100319
905    @b0585684-86@dF740.4@e114=2@f3
    
    国际贸易单证实务学习指导书=Guidance to documents practice in international trade/吴国新,李元旭编著.-2版.-北京:清华大学出版社,2009
    362页;26cm
    
    
    ISBN 978-7-302-21049-8:CNY32.00
    本书主要包括三大部分。第一部分:知识点归纳及同步训练。第二部分:综合练习,提供了十套综合训练题。第三部分:答案与解析。
●
相关链接 在E读中查询图书 在五车中查询图书 在当当中查询图书 在豆瓣中查询图书


正题名:国际贸易单证实务学习指导书     索取号:F740.4/114=2         预约/预借

序号 登录号 条形码 馆藏地/架位号 状态 备注
1 0585684   205856849   第一样本阅览室/ [索取号:F740.4/114=2] 在馆    
2 0585685   205856858   第一借阅区/ [索取号:F740.4/114=2] 在馆    
3 0585686   205856867   密集书库-海洋学院/ [索取号:F740.4/114=2] 在馆    
唐山师范学院图书馆 欢迎您!
大连网信软件有限公司© 版权所有